Eternals Quiz (SPOILERS) - Statistics

General Stats
  • This quiz has been taken 39 times
  • The average score is 12 of 18
Answer Stats
Actor Role % Correct
Gemma Chan Sersi
97%
Angelina Jolie Thena
90%
Richard Madden Ikaris
86%
Brian Tyree Henry Phastos
83%
Lia McHugh Sprite
83%
Salma Hayek Ajak
76%
Kit Harington Dane Whitman
72%
Barry Keoghan Druig
72%
Don Lee Gilgamesh
72%
Kumail Nanjiani Kingo
69%
Lauren Ridloff Makkari
69%
Harry Styles Eros
66%
David Kaye Arishem
55%
Bill Skarsgård Kro
55%
Patton Oswalt Pip the Troll
55%
Harish Patel Karun
34%
Esai Daniel Cross Jack
28%
Haaz Sleiman Ben
24%
No matching quizzes found
Score Distribution
Percent of People with Each Score
Percentile by Number Answered
Your Score History
You have not taken this quiz